000 05739cam a22007694i 4500
001 u50463
003 PE-LiUPU
005 20250731173411.0
008 150707 2008 ag a r 000 0 spa d
020 _a9780965007641
_q(volúmen 3)
020 _a9789877011685
_q(volúmen 4)
020 _a9789877013221
_q(volúmen 3)
035 _a(Sirsi) i9780965007641
040 _aPE-LiUPU
_bspa
_cPE-LiUPU
_erda
049 _aPRUA
082 0 4 _a230.6732
_bT79
_221
100 1 _aTreiyer, Alberto R.,
_eautor.
245 1 4 _aLas expectaciones apocalípticas del santuario :
_bcon historias e ilustraciones /
_cAlberto R. Treiyer.
250 _a1a edicion.
264 1 _aBuenos Aires :
_bAsociación Casas Editora Sudamericana,
_c2008.
300 _a4 volúmenes :
_bilustraciones ;
_c23 centimetros
336 _atext
_2rdacontent
337 _aunmediated
_2rdamedia
338 _avolume
_2rdacarrier
505 0 _aTomo 3.
_aFe y esperanza en medio del caos -- Expectantes de los dos eventos más grandes de la historia -- En vísperas del juicio venidero -- Pendientes de las puertas que se abren -- Pendientes de la postura del Rey -- Aguardando la asunción del reino.
505 0 _aTomo 4.
_aLa medición del tiempo -- Las fiestas inaugurales de cosecha en la primavera -- Las fiestas finales del otoño -- Pronósticos matemáticos que no fallan -- La cronología apocalíptica del santuario del nuevo pacto -- Cumplimiento inaugural -- La abominación espantosa que reemplaza la interseción celestial -- La impostura sacralizada y el castigo divino 237 -- El triunfo final y eterno del gobierno divino 291 -- Programa divino para el tiempo del fin.
526 _aSEG42
526 _aSEG41
526 _aSEG40
526 _aSEG39
526 _aP94
526 _aP87
526 _aP86
526 _aP85
526 _aP77
526 _aP76
526 _aP35
596 _a1 2 4
650 1 4 _aDoctrina del santuario (adventistas del séptimo día).
910 _agl
_b
_cjck
_d20111125
910 _bksl
_cksl
_d20190603
942 _2ddc
_cBOOK
949 _a230.6732 T79 2015
_wDEWEY
_c1
_iFT00438
_lCCODEBUT1
_mBUT
_p15.00
_r0
_sY
_tBOOK
_u2018-5-21
_xBIBLIOTECA
_zUNKNOWN
_0COMPRA
_o.STAFF. Coleccion general
949 _a230.6732 T79 221
_wDEWEY
_c1
_i64059
_d2017-4-10
_e2017-4-10
_f2018-2-7
_g2
_lCCODEBUL1
_mBUL
_n4
_p20.00
_q1
_r0
_sY
_tBOOK
_u2015-7-6
_xTEOLOGIA
_PP35
_0COMPRA
_o.STAFF. Colección Teología
949 _a230.6732 T79 221
_wDEWEY
_c2
_i75393
_d2017-10-29
_f2018-2-7
_g1
_lCCODEBUL1
_mBUL
_p13.75
_q1
_r0
_sY
_tBOOK
_u2017-2-2
_xTEOLOGIA
_PP35
_0COMPRA
_o.STAFF. Colección Teología
949 _a230.6732 T79 221
_wDEWEY
_c3
_i75394
_d2017-11-2
_e2017-10-31
_f2018-2-7
_g1
_lCCODEBUL1
_mBUL
_n2
_p13.75
_r0
_sY
_tBOOK
_u2017-2-2
_xTEOLOGIA
_PP35
_0COMPRA
_o.STAFF. Colección Teología
949 _a230.6732 T79 221
_wDEWEY
_c4
_i75395
_d2017-5-7
_e2017-5-5
_f2018-2-7
_g1
_lCCODEBUL1
_mBUL
_n2
_p13.75
_r0
_sY
_tBOOK
_u2017-2-2
_xTEOLOGIA
_PP35
_0COMPRA
_o.STAFF. Colección Teología
949 _a230.6732 T79 V.3 2015
_wDEWEY
_c1
_iCW00073
_lCIAE7
_mBWL
_r0
_sY
_tBOOK
_u2017-1-26
_xWHITE
_zUNKNOWN
_0COMPRA
_o.STAFF. Centro White
949 _a230.6732 T79 V.3 2015
_wDEWEY
_c2
_iCW66408
_lCIAE7
_mBWL
_r0
_sY
_tBOOK
_u2017-2-6
_xWHITE
_zUNKNOWN
_0COMPRA
_o.STAFF. Centro White
949 _a230.6732 T79 V.3 2015
_wDEWEY
_c3
_iCW00129
_lCIAE7
_mBWL
_r0
_sY
_tBOOK
_u2017-2-6
_xWHITE
_zUNKNOWN
_0COMPRA
_o.STAFF. Centro White
949 _a230.6732 T79 V.3 2015
_wDEWEY
_c4
_iCW00074
_lCIAE7
_mBWL
_r0
_sY
_tBOOK
_u2017-1-26
_xWHITE
_zUNKNOWN
_0COMPRA
_o.STAFF. Centro White
949 _a230.6732 T79 V.4 2015
_wDEWEY
_c1
_iCW00218
_lCIAE5
_mBWL
_p20.00
_r0
_sY
_tBOOK
_u2018-2-7
_xWHITE
_zUNKNOWN
_0COMPRA
_o.STAFF. Centro White
949 _a230.6732 T79 V.4 2015
_wDEWEY
_c2
_iCW00233
_lCIAE5
_mBWL
_p20.00
_r0
_sY
_tBOOK
_u2018-2-7
_xWHITE
_zUNKNOWN
_0COMPRA
_o.STAFF. Centro White
949 _a230.6732 T79 V.4 2015
_wDEWEY
_c3
_iCW00130
_lCIAE5
_mBWL
_p20.00
_r0
_sY
_tBOOK
_u2018-2-7
_xWHITE
_zUNKNOWN
_0COMPRA
_o.STAFF. Centro White
949 _a230.6732 T79 V.4 2015
_wDEWEY
_c4
_iCW00313
_lCIAE5
_mBWL
_r0
_sY
_tBOOK
_u2018-2-7
_xWHITE
_zUNKNOWN
_0COMPRA
999 _a230.6732 T79
_wDEWEY
_c52903
_i64059
_d52903
_e2017-4-10
_f2021-11-9
_g6
_lCCODEBUL1
_mBUL
_n4
_p20.00
_q1
_r0
_sY
_tBOOK
_u2015-7-6
_xTEOLOGIA
_PP35
_0COMPRA
_o.STAFF. Colección Teología
999 _a230.6732 T79
_wDEWEY
_c2
_i75393
_d2017-10-29
_f2021-11-9
_g5
_lCCODEBUL1
_mBUL
_p20.00
_q1
_r0
_sY
_tBOOK
_u2017-2-2
_xTEOLOGIA
_PP35
_0COMPRA
_o.STAFF. Colección Teología
999 _a230.6732 T79
_wDEWEY
_c3
_i75394
_d2018-10-17
_e2017-10-31
_f2021-11-9
_g5
_lCCODEBUL1
_mBUL
_n2
_p20.00
_q3
_r0
_sY
_tBOOK
_u2017-2-2
_xTEOLOGIA
_PP35
_0COMPRA
_o.STAFF. Colección Teología
999 _a230.6732 T79
_wDEWEY
_c4
_i75395
_d2017-5-7
_e2017-5-5
_f2021-11-9
_g5
_lCCODEBUL1
_mBUL
_n2
_p20.00
_r0
_sY
_tBOOK
_u2017-2-2
_xTEOLOGIA
_PP35
_0COMPRA
_o.STAFF. Colección Teología
999 _a230.6732 V3 2015
_wDEWEY
_c1
_iCW00073
_f2021-12-22
_g2
_lCCODECWL1
_mBWL
_r0
_sY
_tBOOK
_u2017-1-26
_xWHITE
_zUNKNOWN
_0COMPRA
_o.STAFF. Centro White
999 _a230.6732 V3 2015
_wDEWEY
_c2
_iCW66408
_mBWL
_r0
_sY
_tBOOK
_u2017-2-6
_xWHITE
_zUNKNOWN
_0COMPRA
_o.STAFF. Centro White
999 _a230.6732 V3 2015
_wDEWEY
_c3
_iCW00129
_f2021-12-22
_g2
_lCCODECWL1
_mBWL
_r0
_sY
_tBOOK
_u2017-2-6
_xWHITE
_zUNKNOWN
_0COMPRA
_o.STAFF. Centro White
999 _a230.6732 V3 2015
_wDEWEY
_c4
_iCW00074
_f2021-12-22
_g2
_lCCODECWL1
_mBWL
_r0
_sY
_tBOOK
_u2017-1-26
_xWHITE
_zUNKNOWN
_0COMPRA
_o.STAFF. Centro White
999 _a230.6732 T79 2015
_wDEWEY
_c1
_iFT00438
_f2019-2-20
_g1
_lCCODEBUT1
_mBUT
_p15.00
_r0
_sY
_tBOOK
_u2018-5-21
_xBIBLIOTECA
_zUNKNOWN
_0COMPRA
_o.STAFF. Coleccion general
980 _81
_gALBERTO SANCHEZ Responsable de Automatización